| 000 | 00435nam a22001337a 4500 | ||
|---|---|---|---|
| 082 |
_a612.3 _bSWA/H |
||
| 100 | _aSWAMINATHAN, M | ||
| 245 | _aFOOD AND NUTRITION | ||
| 260 |
_aBANGALORE _bTHE BANGALORE PRINTING & PUBLISHING CO _c2014 |
||
| 300 | _a372 | ||
| 520 | _aTHE BOOK COVERS NORMAL AND THERAPEUTIC AND PUBLIC HEALTH ASPECTS OF NUTRITION, FOOD ADULTERATION, FOOD PROCESSING ETC | ||
| 650 |
_aFOOD AND NUTRITION _zINDIA |
||
| 942 | _cBK | ||
| 999 |
_c5878 _d5878 |
||